00490nam a2200193 a 4500001001300000003000900013005001700022008004100039020001200080082001800092100002200110245003200132260003300164300000900197500003500206505001700241650001600258700002200274nice12345678IN_TiNIC20260116011443.0050524s1960 newa grp 000 0 eng  ac80.8500a909.0494bROS aRoss, James Bruce aPortable Renaissance Reader aNew YorkbViking Pressc1960 a756p aincludes index and biblioraphy2 aIllustration aRenaissance1 aRoss, James Bruce